JESUS. CULTURA E ATTUALITÀ CRISTIANA. FEBBRAIO 1997. (Record n. 323171)

Dettagli MARC
000 -LEADER
fixed length control field 02271nas a2200277Ia 4500
001 - CONTROL NUMBER
control field R262-R4725
003 - CONTROL NUMBER IDENTIFIER
control field IT-CnALBA
008 - FIXED-LENGTH DATA ELEMENTS--GENERAL INFORMATION
fixed length control field 170116c99999999xx |||||||||||| ||und||
040 ## - CATALOGING SOURCE
Original cataloging agency IT-CnALBA
Transcribing agency IT-CnALBA
041 ## - LANGUAGE CODE
Language code of text/sound track or separate title ITALIANO
999 ## - SYSTEM CONTROL NUMBERS (KOHA)
Koha Dewey Subclass [OBSOLETE] NO
100 ## - MAIN ENTRY--PERSONAL NAME
Personal name ROBERTI VITO
210 ## - ABBREVIATED TITLE
Abbreviated title JESUS
222 ## - KEY TITLE
Key title JESUS
245 #0 - TITLE STATEMENT
Title JESUS. CULTURA E ATTUALITÀ CRISTIANA. FEBBRAIO 1997.
250 ## - EDITION STATEMENT
Edition statement 1a ed.
260 ## - PUBLICATION, DISTRIBUTION, ETC. (IMPRINT)
Place of publication, distribution, etc. CINISELLO BALSAMO (MI)
Name of publisher, distributor, etc. EDIZIONI PAOLINE
Date of publication, distribution, etc. 1997 [1° Ed.:1997 - Ed.Ling.Originale: 1997]
300 ## - PHYSICAL DESCRIPTION
Extent 130 p.
310 ## - CURRENT PUBLICATION FREQUENCY
Current publication frequency MENSILE
362 ## - DATES OF PUBLICATION AND/OR SEQUENTIAL DESIGNATION
Dates of publication and/or sequential designation Fascicolo: 2 / Anno: 19 (1997)
500 ## - GENERAL NOTE
General note DROGA. SCELTA DELLA VITA. DOSSIER SULLA CATECHESI. RINNOVAMENTO DELLA CATECHESI. MENO CATECHISMI, PIÙ VITA CRISTIANA. IL PERCHÈ DELLA SCOMUNICA DEL TEOLOGO SENEGALESE BALASURIYA. AMORE E RISPETTO AI DROGATI. DE PAOLI M. AUSTRIA. ULTIMA OCCASIONE. PISCIANDARO V. SVEZIA NORVEGIA. CRISTIANI DI FRONTIERA, VALLE A.C. CASO BALASURIYA IL FILO SPEZZATO. ZAGO M. FERRO'' G. STATI UNITI. LA CHIESA IN PERICOLO LODOLINI L. SILENZIO VIRTÙ DI MARIA. MESSORI V. S. PIETRO DI BOLOGNA, CATTEDRALE RINNOVATA. SALERNO R. QUM, VATICANO DELLO ISLAM. OMETTO F. GIOVANI INCOMPIUTI DI BEFFA C. RUBRICHE. L'AVVENIMENTO. IL GRANDE CODICE DI RAVASI G.F. MORALE E COSCIENZA, PIANA G. MARTA E MARIA. ZAMBONINI F. BIBLIOTECA AMBROSIANA DI PATRUNO E.
501 ## - WITH NOTE
With note Società San Paolo EM - Piazza San Paolo, 14 - 12051 ALBA (CN) (non commercial uses only) ® Copyright 2017
520 ## - SUMMARY, ETC.
Summary, etc. DROGA. SCELTA DELLA VITA. DOSSIER SULLA CATECHESI. RINNOVAMENTO DELLA CATECHESI. MENO CATECHISMI, PIÙ VITA CRISTIANA. IL PERCHÈ DELLA SCOMUNICA DEL TEOLOGO SENEGALESE BALASURIYA. AMORE E RISPETTO AI DROGATI. DE PAOLI M. AUSTRIA. ULTIMA OCCASIONE. PISCIANDARO V. SVEZIA NORVEGIA. CRISTIANI DI FRONTIERA, VALLE A.C. CASO BALASURIYA IL FILO SPEZZATO. ZAGO M. FERRO'' G. STATI UNITI. LA CHIESA IN PERICOLO LODOLINI L. SILENZIO VIRTÙ DI MARIA. MESSORI V. S. PIETRO DI BOLOGNA, CATTEDRALE RINNOVATA. SALERNO R. QUM, VATICANO DELLO ISLAM. OMETTO F. GIOVANI INCOMPIUTI DI BEFFA C. RUBRICHE. L'AVVENIMENTO. IL GRANDE CODICE DI RAVASI G.F. MORALE E COSCIENZA, PIANA G. MARTA E MARIA. ZAMBONINI F. BIBLIOTECA AMBROSIANA DI PATRUNO E.
650 ## - SUBJECT ADDED ENTRY--TOPICAL TERM
Topical term or geographic name as entry element SCIENZE UMANE E RELIGIOSE
942 ## - ADDED ENTRY ELEMENTS (KOHA)
Koha item type RIVISTA
957 ## -
-- 1
999 ## - SYSTEM CONTROL NUMBERS (KOHA)
-- 1
Dati di copia
Withdrawn status Lost status Damaged status Not for loan Home library Current library Date acquired Total Checkouts Full call number Date last seen Price effective from Koha item type Public note
    Buone Condizioni Not For Loan ALBA - Biblioteca ALBA - Biblioteca 16/01/2017   R262-R4725 16/01/2017 16/01/2017 RIVISTA (data import: 16 gennaio 2017) - By Epidotti, Vaglietti.
CREDITS: SOCIETA' SAN PAOLO Via A.Severo, 58 - ROMA (RM) & PERIODICI SAN PAOLO SRL Via Giotto, 36 MILANO & CISF Via Giotto, 36 MILANO & EDIZIONI SAN PAOLO SRL,  Piazza Soncino, 5 CINISELLO BALSAMO (MI) -- ITALY